Every WCW Champion - Statistics

General Stats
  • This quiz has been taken 82 times
    46 since last reset
  • The average score is 56 of 63
Answer Stats
Reign No. Date of Title Win Duration of Reign Champion % Correct
1 July 17, 1994 469 days Hulk Hogan
100%
2 August 10, 1996 359 days Hulk Hogan
100%
3 August 9, 1997 141 days Hulk Hogan
100%
4 April 20, 1998 77 days Hulk Hogan
100%
5 January 4, 1999 69 days Hulk Hogan
100%
6 July 12, 1999 62 days Hulk Hogan
100%
1 January 11, 1991 171 days Ric Flair
97%
2 December 27, 1993 111 days Ric Flair
97%
3 April 21, 1994 87 days Ric Flair
97%
4 December 27, 1995 26 days Ric Flair
97%
5 February 11, 1996 71 days Ric Flair
97%
6 March 14, 1999 28 days Ric Flair
97%
7 May 15, 2000 7 days Ric Flair
97%
8 May 29, 2000 Less than a day Ric Flair
97%
1 October 21, 2001 15 days Chris Jericho
94%
2 December 9, 2001 Less than a day Chris Jericho
94%
1 February 29, 1992 134 days Sting
94%
2 March 11, 1993 6 days Sting
94%
3 December 28, 1997 11 days Sting
94%
4 February 22, 1998 56 days Sting
94%
5 April 26, 1999 Less than a day Sting
94%
6 September 12, 1999 43 days Sting
94%
1 August 19, 2001 63 days The Rock
94%
2 November 5, 2001 34 days The Rock
94%
1 July 9, 2000 50 days Booker T
92%
2 September 17, 2000 8 days Booker T
92%
3 October 2, 2000 55 days Booker T
92%
4 March 26, 2001 120 days Booker T
92%
5 July 30, 2001 20 days Booker T
92%
1 January 16, 2000 1 day Chris Benoit
92%
1 November 21, 1999 29 days Bret Hart
89%
2 December 20, 1999 27 days Bret Hart
89%
1 April 25, 2000 12 days David Arquette
86%
1 December 27, 1998 8 days Kevin Nash
86%
2 May 9, 1999 63 days Kevin Nash
86%
3 January 25, 2000 Less than a day Kevin Nash
86%
4 May 23, 2000 6 days Kevin Nash
86%
5 August 28, 2000 20 days Kevin Nash
86%
1 July 6, 1998 174 days Goldberg
83%
1 July 14, 1991 230 days Lex Luger
83%
2 August 4, 1997 5 days Lex Luger
83%
1 October 29, 1995 8 days The Giant
83%
2 April 22, 1996 110 days The Giant
83%
1 July 12, 1992 21 days Vader
83%
2 December 30, 1992 71 days Vader
83%
3 March 17, 1993 285 days Vader
83%
1 July 24, 2001 6 days Kurt Angle
81%
1 November 26, 1995 31 days Randy Savage
81%
2 January 22, 1996 20 days Randy Savage
81%
3 April 19, 1998 1 day Randy Savage
81%
4 July 11, 1999 1 day Randy Savage
81%
1 August 2, 1992 150 days Ron Simmons
81%
1 September 25, 2000 7 days Vince Russo
81%
1 April 11, 1999 15 days DDP
78%
2 April 26, 1999 13 days DDP
78%
3 April 24, 2000 1 day DDP
78%
1 April 16, 2000 8 days Jeff Jarrett
78%
2 May 7, 2000 8 days Jeff Jarrett
78%
3 May 22, 2000 1 day Jeff Jarrett
78%
4 May 29, 2000 41 days Jeff Jarrett
78%
1 November 26, 2000 120 days Scott Steiner
78%
1 January 24, 2000 1 day Sid
72%
2 January 25, 2000 76 days Sid
72%
No matching quizzes found
Score Distribution
Percent of People with Each Score
Percentile by Number Answered
Your Score History
You have not taken this quiz since the last reset